| 000 | 00633nam a22001577a 4500 | ||
|---|---|---|---|
| 999 |
_c61179 _d61179 |
||
| 005 | 20231227124854.0 | ||
| 008 | 231227s2002 ru ||||| |||| 00| 0 rus d | ||
| 041 | _arus | ||
| 080 | _a902.6: 737(575.1) P-81 | ||
| 100 |
_aРтвеладзе, Э.В. _920918 |
||
| 245 |
_aДревние и раннесредневековые монеты историко-культурных областей Узбекистана : _bТом 1 / _cЭ.В. Ртвеладзе. |
||
| 264 |
_aТашкент, _c2002. |
||
| 653 | _aუზბეკეთის მონეტები | ||
| 653 | _aისტორია | ||
| 942 |
_2udc _cᲬᲘᲒᲜᲘ |
||